| 000 | 00504nam a2200169 4500 | ||
|---|---|---|---|
| 001 | 116470 | ||
| 003 | ES-MaACL | ||
| 005 | 20230906190719.0 | ||
| 007 | t| | ||
| 008 | 061121s1908 it r ||||1| ita d | ||
| 100 | 1 |
_aOstwald, Wilhelm. _987830 |
|
| 245 | 1 | 0 |
_aScuola di chimica / _cWilhelm Ostwald ; traduzione dal tedesco di Gustavo Andreoni. |
| 260 |
_aTorino : _bFratelli Bocca, _c1908. |
||
| 300 |
_a2 v. : _bil. ; _c20 cm. |
||
| 700 | 1 |
_aAndreoni, Gustavo. _921566 |
|
| 852 |
_aES-MaACL _jF-5970-71 |
||
| 999 |
_c116470 _d116470 |
||